000 00321nam a2200145Ia 4500
100 _aStrepikheyev/Derevitskayn
650 _aChemistry
942 _cBK
654 _aPolymer
245 _aFirst Course In Polymer Chemistry
260 _bMir Publishers
_c2001
082 _a547.8
300 _a448
546 _aENGLISH
999 _c21216
_d21216